000 00396 a2200145 4500
005 20250505161041.0
020 _a0-02-303820-9
082 _a658.15 ARC
245 _aThe theory of Business Finance: A Book of Readings.
250 _a2nd Ed.
260 _aNew York,
_bMacmillan publishers,
_c1976.
300 _axii, 697p.: Ill.; figures
_c22cm.
700 _aARCHER, S. H.
942 _2ddc
_cBKS
999 _c1960
_d1960